Películas de La guerra de las galaxias - Estadísticas

Estadísticas generales
  • Esta prueba ha sido intentada 2.005 veces
  • La puntuación promedio es 7 de 11
Estadísticas de respuestas
grupo Año de estreno Película % Correcto
Saga Skywalker 1980 El Imperio contraataca
84%
Saga Skywalker 1999 La amenaza fantasma
74%
Saga Skywalker 1977 Una nueva esperanza
74%
Saga Skywalker 2005 La venganza de los Sith
72%
Saga Skywalker 1983 El retorno del Jedi
69%
Antología 2016 Rogue One: una historia de Star Wars
64%
Saga Skywalker 2015 El despertar de la Fuerza
62%
Antología 2018 Han Solo: una historia de Star Wars
60%
Saga Skywalker 2002 El ataque de los clones
57%
Saga Skywalker 2017 Los últimos Jedi
57%
Saga Skywalker 2019 El ascenso de Skywalker
46%
No se encontraron pruebas coincidentes
Distribución de puntuación
Porcentaje de gente con cada puntuación
Porcentaje por número respondido
Historial de tus puntuaciones
No has intentado esta prueba.